[Event "Championship Moscow 2019"]
[Site "Moscow]"]
[Date "2019.04.04"]
[Round "6.9"]
[White "Salman, Pavel"]
[Black "Dragomarezkij, Evgeni"]
[Result "1/2-1/2"]
[WhiteElo "2248"]
[BlackElo "2386"]
[PlyCount "127"]
[EventDate "2019.??.??"]
[WhiteClock "0:05:39"]
[BlackClock "0:01:03"]

1. d4 Nf6 2. c4 e6 3. g3 Bb4+ 4. Bd2 Qe7 5. Nf3 Nc6 6. Nc3 O-O 7. Bg2 Bxc3 8.
Bxc3 Ne4 9. Rc1 d6 10. d5 Nd8 11. Bb4 e5 12. Nd2 Nxd2 13. Qxd2 f5 14. c5 f4 15.
Qd3 Bf5 16. Be4 Bxe4 17. Qxe4 Rf6 18. cxd6 cxd6 19. Bd2 Nf7 20. Bxf4 Qd7 21.
Be3 Qh3 22. Rc7 b6 23. Kd2 Nh6 24. Rhc1 Nf5 25. Rb7 Nxe3 26. Qxe3 Qxh2 27. Rcc7
Rg6 28. Rxa7 Rf8 29. Qxb6 Qh1 30. Qb7 Qh6+ 31. Kc2 Qg5 32. Ra8 Rgf6 33. Rcc8
Qf5+ 34. Kd2 Qxf2 35. Rxf8+ Rxf8 36. Rxf8+ Qxf8 37. a4 Qd8 38. b4 h6 39. a5
Qg5+ 40. e3 Qxg3 41. Qc8+ Kh7 42. Qf5+ Kh8 43. Qf8+ Kh7 44. Qxd6 Qh2+ 45. Kc3
Qg1 46. Qb6 h5 47. a6 h4 48. a7 Qa1+ 49. Kc4 h3 50. Qe6 Qa2+ 51. Kb5 h2 52.
Qh3+ Kg6 53. Qe6+ Kh7 54. Qh3+ Kg6 55. Qg4+ Kh6 56. Qh4+ Kg6 57. Qxh2 Qxd5+ 58.
Kb6 Qd6+ 59. Ka5 Qc7+ 60. Kb5 Qb7+ 61. Kc4 Qe4+ 62. Kb5 Qb7+ 63. Kc4 Qe4+ 64.
Kb5 1/2-1/2

[Event "Championship Moscow 2019"]
[Site "Moscow]"]
[Date "2019.04.04"]
[Round "6.10"]
[White "Geivondian, Arman"]
[Black "Tarasov, Oleg"]
[Result "1-0"]
[WhiteElo "2388"]
[BlackElo "2175"]
[PlyCount "86"]
[EventDate "2019.??.??"]
[WhiteClock "0:13:35"]
[BlackClock "0:07:10"]

1. d4 d5 2. c4 c6 3. cxd5 cxd5 4. Nf3 Nf6 5. Nc3 Nc6 6. Bf4 a6 7. Rc1 Bf5 8. e3
Rc8 9. Ne5 Nxe5 10. dxe5 Ne4 11. Bd3 e6 12. Bxe4 Bxe4 13. Nxe4 dxe4 14. Rxc8
Qxc8 15. O-O Be7 16. h4 O-O 17. Qg4 Kh8 18. Bg5 Bxg5 19. hxg5 Qc2 20. b4 Kg8
21. Rd1 Rc8 22. a3 g6 23. Rd7 b5 24. Qf4 Rf8 25. Kh2 Qb2 26. Ra7 Qxa3 27. Qxe4
Qa2 28. Qf4 Kg7 29. Qf6+ Kg8 30. Qf4 Kg7 31. Kg3 Qa1 32. Qf6+ Kg8 33. Qf4 Kg7
34. Qe4 h6 35. gxh6+ Kxh6 36. Qh4+ Kg7 37. Qf4 Kg8 38. Qf6 Qa3 39. Rd7 Qa2 40.
Ra7 Qb2 41. Rxa6 Qxb4 42. Ra7 Qb1 43. Ra6 Qf5 1-0

[Event "Championship Moscow 2019"]
[Site "Moscow]"]
[Date "2019.04.04"]
[Round "6.11"]
[White "Kurdakov, Yuri"]
[Black "Tsoi, Dmitry"]
[Result "1/2-1/2"]
[WhiteElo "2128"]
[BlackElo "2340"]
[PlyCount "80"]
[EventDate "2019.??.??"]
[WhiteClock "0:14:39"]
[BlackClock "0:14:19"]

1. c4 f5 2. Nc3 Nf6 3. g3 e6 4. Bg2 Be7 5. e4 fxe4 6. Nxe4 O-O 7. d4 Nxe4 8.
Bxe4 Bb4+ 9. Bd2 Qf6 10. Nf3 Na6 11. O-O Bxd2 12. Qxd2 Rb8 13. Ng5 g6 14. Bg2
b5 15. Ne4 Qe7 16. c5 Bb7 17. Rfe1 Qd8 18. b4 Bxe4 19. Bxe4 c6 20. Bg2 Nc7 21.
h4 Kg7 22. Re5 Ne8 23. h5 Nf6 24. hxg6 hxg6 25. Rg5 Nh7 26. Re5 a5 27. a3 axb4
28. axb4 Ra8 29. Rae1 Nf6 30. Rg5 Nh7 31. Rge5 Qf6 32. Be4 Ra4 33. Kg2 Rf7 34.
Rh1 Kg8 35. Rh4 Nf8 36. Rg4 Qg7 37. Reg5 Rf6 38. Qc2 Kf7 39. Qd2 Ke7 40. Re5
Kf7 1/2-1/2

[Event "Championship Moscow 2019"]
[Site "Moscow]"]
[Date "2019.04.04"]
[Round "6.12"]
[White "Chudinovskikh, Alexander M"]
[Black "Gubajdullin, Alexei"]
[Result "0-1"]
[WhiteElo "2213"]
[BlackElo "2344"]
[PlyCount "70"]
[EventDate "2019.??.??"]
[WhiteClock "0:16:25"]
[BlackClock "0:03:14"]

1. d4 g6 2. e4 Bg7 3. Nc3 d6 4. Nf3 a6 5. a4 b6 6. Bc4 e6 7. O-O Ne7 8. Re1 Nd7
9. Bf4 h6 10. Qd2 g5 11. Be3 g4 12. Nh4 Bf6 13. g3 Bxh4 14. gxh4 Ng6 15. h5 Nh4
16. Be2 Bb7 17. Bxh6 Nf3+ 18. Bxf3 gxf3 19. Kh1 Qh4 20. Qg5 Qxg5 21. Bxg5 Rxh5
22. Bf4 e5 23. dxe5 dxe5 24. Bg3 O-O-O 25. Rad1 Rg8 26. Re3 f5 27. Red3 Nc5 28.
Nd5 Bxd5 29. Rxd5 Nxe4 30. Re1 Nxg3+ 31. fxg3 Rxg3 32. Rg1 Rxg1+ 33. Kxg1 e4
34. h4 Rxh4 35. Rxf5 Rg4+ 0-1

[Event "Championship Moscow 2019"]
[Site "Moscow]
[Date "2019.04.04"]
[Round "6.13"]
[White "Tarasov, Danila"]
[Black "Galaktionov, Artem"]
[Result "0-1"]
[WhiteElo "1934"]
[BlackElo "2332"]
[PlyCount "124"]
[EventDate "2019.03.30"]

1. e4 c6 2. d4 g6 3. Nc3 Bg7 4. Nf3 d6 5. Bc4 Nd7 6. Ng5 e6 7. d5 cxd5 8. exd5
e5 9. Nge4 Nb6 10. Bb5+ Kf8 11. O-O f5 12. Ng3 Nf6 13. a4 a5 14. b3 h5 15. Ba3
h4 16. Nge2 Qc7 17. b4 axb4 18. Bxb4 Nbd7 19. Qc1 Nc5 20. Qa3 Kf7 21. Nc1 Bf8
22. a5 Na6 23. N1e2 Nxb4 24. Qxb4 g5 25. Qc4 Qxc4 26. Bxc4 Be7 27. Rfb1 Nd7 28.
Nb5 b6 29. a6 Bxa6 30. Nxd6+ Bxd6 31. Bxa6 Bc5 32. Bb7 Rxa1 33. Rxa1 Nf6 34.
Nc1 Bd4 35. Ra2 Ne4 36. Nd3 Nc3 37. Ra7 Kf6 38. Bc6 Rd8 39. Nb4 Bc5 40. Na6
Nxd5 41. Nxc5 bxc5 42. Rd7 Rxd7 43. Bxd7 e4 44. g3 h3 45. Bc6 Nb4 46. Ba4 Ke5
47. c3 Na2 48. c4 Nc3 49. Bd7 Ne2+ 50. Kf1 Nd4 51. Kg1 Nf3+ 52. Kh1 Nd2 53. Bb5
f4 54. gxf4+ gxf4 55. Bd7 Nxc4 56. Bxh3 Na3 57. Bd7 c4 58. Ba4 c3 59. Kg1 c2
60. Bxc2 Nxc2 61. Kf1 Nd4 62. h4 Kf5 0-1

[Event "Championship Moscow 2019"]
[Site "Moscow]
[Date "2019.04.04"]
[Round "6.14"]
[White "Obolentseva, Alexandra"]
[Black "Prokopchuk, Yury"]
[Result "0-1"]
[WhiteElo "2324"]
[BlackElo "2237"]
[PlyCount "78"]
[EventDate "2019.03.30"]

1. d4 Nf6 2. c4 e6 3. g3 d5 4. Bg2 Bb4+ 5. Bd2 Be7 6. Nf3 O-O 7. O-O c6 8. Qc2
Ne4 9. Bf4 Nd7 10. Nc3 f5 11. Rfd1 Bf6 12. Nd2 Qe7 13. Ndxe4 fxe4 14. Qd2 g5
15. Be3 Nb6 16. b3 Bd7 17. Rac1 Qg7 18. Re1 Nc8 19. f3 exf3 20. exf3 Nd6 21.
Qd3 Nf5 22. Bf2 Rac8 23. Bh3 Nh6 24. Be3 Bd8 25. Rf1 Nf5 26. Bf2 Bb6 27. b4 Bc7
28. Rce1 Nd6 29. c5 Nc4 30. Rd1 e5 31. Bxd7 Qxd7 32. Kg2 Rf6 33. Ne2 Rcf8 34.
Be3 Qf7 35. Kg1 g4 36. Bg5 e4 37. Qc3 gxf3 38. Kf2 Rg6 39. Be3 Qg7 0-1

[Event "Championship Moscow 2019"]
[Site "Moscow]
[Date "2019.04.04"]
[Round "6.15"]
[White "Pavlov, Mark"]
[Black "Makarenko, Aleksandr"]
[Result "1-0"]
[WhiteElo "2006"]
[BlackElo "2215"]
[PlyCount "71"]
[EventDate "2019.03.30"]

1. d4 e6 2. Nf3 d5 3. c4 c6 4. Qc2 Nf6 5. Nbd2 Nbd7 6. g3 Be7 7. Bg2 O-O 8. O-O
b6 9. e4 Bb7 10. e5 Ne8 11. cxd5 cxd5 12. Re1 a5 13. Bf1 Rc8 14. Qd1 Nc7 15.
Bd3 Ba6 16. Nf1 Bxd3 17. Qxd3 Nb8 18. Bd2 Qd7 19. h4 Qb5 20. Qe3 Nca6 21. a3
Nd7 22. Bc3 Qc6 23. N1h2 Nc7 24. Ng5 Bxg5 25. hxg5 Nb5 26. Rac1 Qb7 27. Ng4
Nxc3 28. bxc3 Rce8 29. Kg2 f5 30. gxf6 gxf6 31. Rh1 Re7 32. exf6 Nxf6 33. Qg5+
Rg7 34. Nxf6+ Kh8 35. Qe5 Qf7 36. Rh6 1-0

[Event "Championship Moscow 2019"]
[Site "Moscow]
[Date "2019.04.04"]
[Round "6.16"]
[White "Zenin, Dmitry"]
[Black "Anfinogenov, Artem"]
[Result "0-1"]
[WhiteElo "2236"]
[BlackElo "2065"]
[PlyCount "80"]
[EventDate "2019.03.30"]

1. d4 d5 2. c4 dxc4 3. Nf3 Nf6 4. e3 e6 5. Bxc4 c5 6. O-O a6 7. Bd3 cxd4 8.
exd4 Be7 9. Nc3 O-O 10. Bc2 b5 11. Qd3 Bb7 12. Re1 Nbd7 13. Bg5 g6 14. Bb3 Nc5
15. Qe3 Nxb3 16. axb3 Nd5 17. Bxe7 Qxe7 18. Qh6 f6 19. Ne4 Nb4 20. Qd2 Bxe4 21.
Rxe4 Qd6 22. Rae1 Rfe8 23. Qh6 Rac8 24. h4 Rc6 25. h5 Qf8 26. Qxf8+ Kxf8 27.
hxg6 hxg6 28. d5 Nxd5 29. Nd4 Rcc8 30. Rxe6 Kf7 31. Rxe8 Rxe8 32. Rxe8 Kxe8 33.
Ne6 Ke7 34. Nc5 Nb4 35. Kf1 Kd6 36. Ne4+ Ke5 37. Nd2 Nd3 38. Ke2 Nxb2 39. Nf3+
Ke4 40. Nd2+ Kd4 0-1

[Event "Championship Moscow 2019"]
[Site "Moscow]
[Date "2019.04.04"]
[Round "6.17"]
[White "Yarygin, Maksim"]
[Black "Fedorov, Nikita"]
[Result "1-0"]
[WhiteElo "2204"]
[BlackElo "2030"]
[PlyCount "105"]
[EventDate "2019.03.30"]

1. e4 e6 2. d4 d5 3. Bd3 dxe4 4. Bxe4 Nf6 5. Bf3 c5 6. Ne2 Nc6 7. c3 cxd4 8.
Nxd4 Nxd4 9. cxd4 Bd6 10. Nc3 O-O 11. Bg5 Qa5 12. Bxf6 gxf6 13. O-O f5 14. Qd2
Be7 15. Kh1 Rd8 16. Rad1 a6 17. g4 e5 18. Qe2 fxg4 19. Bxg4 Bxg4 20. Qxg4+ Kh8
21. Rg1 Rg8 22. Qf5 f6 23. Qe6 Qc7 24. d5 Qd6 25. Qf7 Qd7 26. Qe6 Rxg1+ 27.
Kxg1 Rd8 28. Qxd7 Rxd7 29. Kg2 f5 30. Na4 Rd6 31. Kf3 b6 32. Ke2 Kg7 33. b4 Kf6
34. f3 Kf7 35. Nc3 Rh6 36. b5 Rxh2+ 37. Kd3 axb5 38. Nxb5 Rb2 39. a4 h5 40. d6
Bd8 41. Na7 Ke6 42. d7 Rb3+ 43. Kc4 Rxf3 44. Nc6 Bf6 45. d8=Q Bxd8 46. Rxd8
Rf4+ 47. Kb5 e4 48. Kxb6 e3 49. Re8+ Kf7 50. Re7+ Kf6 51. a5 Ra4 52. Rxe3 f4
53. Re8 1-0

[Event "Championship Moscow 2019"]
[Site "Moscow]
[Date "2019.04.04"]
[Round "6.18"]
[White "Yakimenko, Alexander A"]
[Black "Sekoyan, Vachagan"]
[Result "0-1"]
[WhiteElo "2185"]
[BlackElo "1994"]
[PlyCount "72"]
[EventDate "2019.03.30"]

1. e4 g6 2. Nc3 Bg7 3. f4 c5 4. Nf3 Nc6 5. Bc4 d6 6. O-O e6 7. d3 Nge7 8. Qe1
O-O 9. a3 d5 10. Ba2 Nd4 11. Nxd4 cxd4 12. Ne2 dxe4 13. dxe4 d3 14. cxd3 Qxd3
15. Ng3 b6 16. Kh1 h5 17. f5 h4 18. Nh5 exf5 19. Bg5 gxh5 20. Bxe7 Re8 21. Rd1
Qc2 22. Rd2 Qc7 23. Bd6 Qd7 24. Qxh4 Qb5 25. Rdf2 Be6 26. exf5 Bxa2 27. f6 Bh6
28. Rf5 Qe2 29. R5f3 Bd5 30. Rg3+ Kh7 31. Rg1 Re4 32. Rg7+ Bxg7 33. Qg5 Bh6 34.
Qxd5 Rg8 35. Qxf7+ Kh8 36. Qd5 Qxg2+ 0-1

[Event "Championship Moscow 2019"]
[Site "Moscow]
[Date "2019.04.04"]
[Round "6.19"]
[White "Tunik, Sergey"]
[Black "Bezhenar, Georgy"]
[Result "1-0"]
[WhiteElo "2167"]
[BlackElo "1953"]
[PlyCount "63"]
[EventDate "2019.03.30"]

1. d4 e6 2. Nf3 Nf6 3. Bf4 b5 4. e3 a6 5. Nbd2 Bb7 6. Bd3 Be7 7. O-O d6 8. c4
b4 9. Qa4+ Nc6 10. d5 exd5 11. cxd5 Nxd5 12. Be4 Nb6 13. Bxc6+ Kf8 14. Qc2 Bxc6
15. Qxc6 g5 16. Bg3 h5 17. h3 h4 18. Bh2 g4 19. hxg4 h3 20. gxh3 Rxh3 21. Kg2
Rh8 22. Bf4 Qc8 23. Kg3 Nd7 24. Ne4 f5 25. Neg5 Nf6 26. Rh1 Rg8 27. Nd4 Ne4+
28. Nxe4 Rxg4+ 29. Kf3 fxe4+ 30. Qxe4 Rg8 31. Ne6+ Kf7 32. Rh7+ 1-0

[Event "Championship Moscow 2019"]
[Site "Moscow]
[Date "2019.04.04"]
[Round "6.20"]
[White "Trusov, Mikhail"]
[Black "Usov, Aleksandr E"]
[Result "1-0"]
[WhiteElo "2143"]
[BlackElo "1627"]
[PlyCount "81"]
[EventDate "2019.03.30"]

1. e4 c6 2. d4 d5 3. Nc3 dxe4 4. Nxe4 Nf6 5. Nxf6+ exf6 6. c3 Bd6 7. Bd3 O-O 8.
Ne2 Re8 9. O-O Qc7 10. h3 Nd7 11. Qc2 Nf8 12. b3 Be6 13. c4 Qd7 14. f4 Bc7 15.
f5 Bxf5 16. Bxf5 Rxe2 17. Qxe2 Qxd4+ 18. Be3 Qe5 19. Qf3 g6 20. Bc2 Qc3 21.
Rac1 Re8 22. Bf4 Qxf3 23. Rxf3 Bb6+ 24. Kf1 Ne6 25. Be3 Nd4 26. Bxd4 Bxd4 27.
Re1 Be5 28. Rxf6 Kf8 29. Rf3 f6 30. Rd3 Re7 31. Red1 b5 32. Rd8+ Kf7 33. R8d7
Ke6 34. Rxe7+ Kxe7 35. Be4 bxc4 36. bxc4 c5 37. Rb1 a5 38. Rb5 Bc3 39. Rxc5 f5
40. Bd5 Kd6 41. Rc6+ 1-0

[Event "Championship Moscow 2019"]
[Site "Moscow]
[Date "2019.04.04"]
[Round "6.21"]
[White "Spichkin, Alexander"]
[Black "Lupolov, Boris"]
[Result "1-0"]
[WhiteElo "2106"]
[BlackElo "1907"]
[PlyCount "93"]
[EventDate "2019.03.30"]

1. d4 e6 2. g3 Nf6 3. Bg2 d5 4. c4 c6 5. Nf3 Be7 6. O-O O-O 7. Nc3 b6 8. Ne5
Bb7 9. Qa4 Nfd7 10. Nd3 Na6 11. cxd5 cxd5 12. Bf4 Rc8 13. Nb5 Rc4 14. Qd1 Qa8
15. a4 Nb4 16. a5 a6 17. axb6 Nxd3 18. Qxd3 Nxb6 19. b3 Rc6 20. Nc7 Qc8 21.
Nxa6 Nd7 22. Nc5 Nxc5 23. dxc5 Bxc5 24. Rfb1 Ra6 25. Bd2 Qa8 26. Bc3 Qa7 27. e3
Rc8 28. Bf1 Rxa1 29. Rxa1 Qb6 30. Ba5 Qc6 31. b4 d4 32. e4 Ba7 33. f3 Qc3 34.
Rd1 Qxd3 35. Bxd3 Kf8 36. Kf2 Ke7 37. Ke2 f6 38. Kd2 e5 39. Ra1 Bb8 40. Bb6 Kd7
41. Bc5 Bd6 42. Bb5+ Bc6 43. Ra7+ Rc7 44. Bxc6+ Kxc6 45. Ra6+ Kb7 46. Rxd6 Kc8
47. Ra6 1-0

[Event "Championship Moscow 2019"]
[Site "Moscow]
[Date "2019.04.04"]
[Round "6.22"]
[White "Zaitsev, Vitaly"]
[Black "Zhukov, Anton"]
[Result "0-1"]
[WhiteElo "1968"]
[BlackElo "2076"]
[PlyCount "100"]
[EventDate "2019.03.30"]

1. d4 Nf6 2. c4 g6 3. Nc3 Bg7 4. e4 d6 5. Be2 O-O 6. Nf3 e5 7. Be3 Ng4 8. Bg5
f6 9. Bh4 g5 10. Bg3 Nh6 11. dxe5 fxe5 12. h4 g4 13. Nh2 Qd7 14. Nd5 Nc6 15.
Ne3 Nd4 16. Nhxg4 Qf7 17. b3 Qg6 18. Nd5 Qxe4 19. Nge3 Nxe2 20. Qxe2 Rf7 21.
Rd1 Qg6 22. h5 Qe6 23. O-O Nf5 24. Nxf5 Qxf5 25. f4 Qg4 26. Qxg4 Bxg4 27. Rde1
c6 28. Ne3 Bxh5 29. fxe5 Rxf1+ 30. Nxf1 dxe5 31. Bxe5 Re8 32. Bg3 Bd4+ 33. Kh1
Re2 34. Rxe2 Bxe2 35. Nd2 Kf7 36. Nf3 Bf6 37. Bf2 a6 38. Be1 Bd3 39. c5 Ke6 40.
g4 Kd5 41. g5 Be7 42. Kh2 Bxc5 43. Kg3 Bd6+ 44. Kh4 Ke4 45. Nd2+ Kf5 46. Nf3 c5
47. Bf2 Be2 48. Nd2 Bf4 49. Nc4 Bxg5+ 50. Kh3 Be7 0-1

[Event "Championship Moscow 2019"]
[Site "Moscow]
[Date "2019.04.04"]
[Round "6.23"]
[White "Volkov, Andreiy"]
[Black "Volodin, Viktor"]
[Result "0-1"]
[WhiteElo "1628"]
[BlackElo "2191"]
[Annotator "icy"]
[PlyCount "62"]
[EventDate "2019.03.30"]

1. e4 c5 2. Nf3 Nc6 3. Bb5 g6 4. c3 Bg7 5. O-O Nf6 6. Re1 O-O 7. d4 cxd4 8.
cxd4 d5 9. e5 Ne4 10. Nc3 Bf5 11. Bd3 Nxc3 12. bxc3 Bxd3 13. Qxd3 Na5 14. Rb1
Rc8 15. Ba3 Nc4 16. Bb2 Qa5 17. Ba1 b5 18. Re2 a6 19. Rc1 Bh6 20. Rcc2 Na3 21.
g4 Nxc2 22. Rxc2 b4 23. g5 Bg7 24. Nd2 Qb5 25. Qe3 Qd7 26. f3 Qf5 27. Rc1 f6
28. f4 fxg5 29. fxg5 Qf4 30. Qd3 Qxg5+ 31. Kh1 Qf4 {çàïèñü íåÿñíà}
0-1

[Event "Championship Moscow 2019"]
[Site "Moscow]
[Date "2019.04.04"]
[Round "6.24"]
[White "Khudyakov, Stanislav"]
[Black "Zverev, Lev"]
[Result "1/2-1/2"]
[WhiteElo "2106"]
[BlackElo "1703"]
[PlyCount "108"]
[EventDate "2019.03.30"]

1. Nf3 d5 2. g3 c5 3. Bg2 Nc6 4. d4 e6 5. O-O Nf6 6. a3 cxd4 7. Nxd4 Bc5 8.
Nxc6 bxc6 9. b4 Bd6 10. Bb2 O-O 11. c4 Qe7 12. Nd2 e5 13. e4 d4 14. c5 Bc7 15.
Qa4 Bd7 16. Nc4 a5 17. Qc2 Rfb8 18. f4 axb4 19. Nxe5 Bxe5 20. fxe5 Qxe5 21.
axb4 Rxa1 22. Rxa1 Rxb4 23. Ra8+ Be8 24. Ba3 Rb7 25. Bc1 g5 26. Rd8 Rd7 27.
Rxd7 Bxd7 28. Bb2 h6 29. Qc4 Nxe4 30. Bxd4 Nd2 31. Qxf7+ Kxf7 32. Bxe5 Nb3 33.
Bd6 Na5 34. Bc7 Nb3 35. Bb6 Ke6 36. Kf2 Nd4 37. Ke3 Nf5+ 38. Ke4 h5 39. Bd8 Ne7
40. Bf1 Kf6 41. Be2 Bf5+ 42. Kd4 h4 43. gxh4 gxh4 44. Bc4 Be6 45. Be2 Kf7 46.
Bh5+ Kf6 47. Bf3 Bd7 48. Ke4 Kf7 49. Bh5+ Kf6 50. Kf4 Be6 51. Be8 Bd5 52. Bd7
Kf7 53. Kg5 Ng6 54. Bc7 Nf8 1/2-1/2

[Event "Championship Moscow 2019"]
[Site "Moscow]
[Date "2019.04.04"]
[Round "6.25"]
[White "Trofimovsky, Alexander"]
[Black "Alekseev, Mikhail"]
[Result "1-0"]
[WhiteElo "2031"]
[BlackElo "1879"]
[PlyCount "45"]
[EventDate "2019.03.30"]

1. c4 d5 2. cxd5 Nf6 3. d4 g6 4. g3 Bg7 5. Bg2 Nxd5 6. e4 Nb6 7. Ne2 O-O 8.
Nbc3 Nc6 9. d5 Na5 10. b3 c6 11. Ba3 cxd5 12. exd5 Bg4 13. f3 Bf5 14. Rc1 Bh6
15. f4 Bg4 16. O-O Rc8 17. h3 Bxe2 18. Qxe2 Bg7 19. Bxe7 Qc7 20. Bxf8 Kxf8 21.
Nb5 Qxc1 22. Rxc1 Rxc1+ 23. Kh2 1-0

[Event "Championship Moscow 2019"]
[Site "Moscow]
[Date "2019.04.04"]
[Round "6.26"]
[White "Muraseev, Vasilii"]
[Black "Khmelev, Mikhail"]
[Result "0-1"]
[WhiteElo "1444"]
[BlackElo "1995"]
[PlyCount "98"]
[EventDate "2019.03.30"]

1. e4 g6 2. Nf3 Bg7 3. g3 a6 4. Bg2 b5 5. c3 Bb7 6. Qc2 c5 7. d3 d6 8. b3 Nf6
9. Bb2 O-O 10. O-O c4 11. Nbd2 cxd3 12. Qxd3 Nbd7 13. Qc2 Rc8 14. Rac1 Rc7 15.
Rfe1 Qa8 16. b4 Rfc8 17. Qd3 Nb6 18. Nd4 Nc4 19. Nxc4 Rxc4 20. f3 Nd7 21. Nb3
Ne5 22. Qe3 R4c7 23. Na5 h5 24. Red1 Nc4 25. Nxc4 Rxc4 26. a3 d5 27. exd5 Bxd5
28. Rd3 e6 29. Rcd1 Qc6 30. Qe2 Bxc3 31. Bxc3 Rxc3 32. Rxc3 Qxc3 33. Rd3 Qc1+
34. Qf1 Qxf1+ 35. Bxf1 Rc1 36. Kf2 Rxf1+ 37. Kxf1 Bc4 38. Ke2 Kf8 39. Ke3 Bxd3
40. Kxd3 Ke7 41. f4 Kd6 42. Kd4 f6 43. Ke4 e5 44. h4 f5+ 45. Ke3 Kd5 46. fxe5
Kxe5 47. Kf3 Kf6 48. Kf4 g5+ 49. hxg5+ Kg6 0-1

[Event "Championship Moscow 2019"]
[Site "Moscow]
[Date "2019.04.04"]
[Round "6.27"]
[White "Pak, Nikita"]
[Black "Akhmedov, David"]
[Result "1-0"]
[WhiteElo "1916"]
[BlackElo "1657"]
[PlyCount "99"]
[EventDate "2019.03.30"]

1. d4 Nf6 2. g3 g6 3. Bg2 Bg7 4. e4 O-O 5. c4 d6 6. Nc3 e5 7. Nge2 Nc6 8. d5
Ne7 9. O-O Ne8 10. b4 f5 11. Bb2 f4 12. f3 h5 13. Rc1 g5 14. c5 Ng6 15. Kh1 g4
16. gxf4 exf4 17. Qd2 Qh4 18. Ng1 Ne5 19. Nce2 g3 20. h3 Nf6 21. Qxf4 Qxf4 22.
Nxf4 Bh6 23. Bxe5 dxe5 24. Ng6 Re8 25. Rce1 Kf7 26. Nxe5+ Rxe5 27. f4 Re8 28.
e5 Nh7 29. Bf3 Kg6 30. Ne2 Bxh3 31. Rg1 g2+ 32. Kh2 Bg4 33. Rxg2 Kf5 34. Nd4+
Kg6 35. Bxg4 hxg4 36. Rxg4+ Kf7 37. Rh4 Rh8 38. Rxh6 Rag8 39. e6+ Ke8 40. d6
cxd6 41. cxd6 Nf6 42. Rxh8 Rxh8+ 43. Kg3 Nd5 44. a3 Rf8 45. f5 Nb6 46. Kf4 Nc4
47. Nb5 Rh8 48. Nc7+ Kd8 49. e7+ Kd7 50. e8=Q+ 1-0

[Event "Championship Moscow 2019"]
[Site "Moscow]
[Date "2019.04.04"]
[Round "6.28"]
[White "Teiitbaev, Aktilek"]
[Black "Bogaudinov, Rushan"]
[Result "1-0"]
[WhiteElo "2193"]
[BlackElo "2123"]
[Annotator "icy"]
[PlyCount "87"]
[EventDate "2019.03.30"]

1. e4 c5 2. Nf3 d6 3. d4 cxd4 4. Nxd4 Nf6 5. Nc3 a6 6. Bc4 g6 7. Be3 Bg7 8. Qd2
h5 9. f3 Nbd7 10. a3 Qc7 11. Ba2 Ne5 12. Qe2 b5 13. O-O Bb7 14. Kh1 Rc8 15.
Rad1 h4 16. Rfe1 h3 17. g3 Nc4 18. Ncxb5 axb5 19. Nxb5 Qc6 20. Na7 Qa6 21. Nxc8
Nxe3 22. Qxa6 Bxa6 23. Nxd6+ exd6 24. Rxe3 O-O 25. Rxd6 Bf1 26. Kg1 Bg2 27. e5
Bh6 28. f4 Ne4 29. Rd4 Nc5 30. Bd5 Ne6 31. Rdd3 g5 32. f5 Nc5 33. Rd1 g4 34.
Ree1 Bxd5 35. Rxd5 Rc8 36. Rd4 Kf8 37. Rxg4 Nd7 38. e6 Nf6 39. Rh4 Kg7 40. exf7
Bd2 41. Re2 Rxc2 42. Rd4 Rc1+ 43. Kf2 Ba5 44. Rd6 {çàïèñü íåÿñíà}
1-0

[Event "Championship Moscow 2019"]
[Site "Moscow]
[Date "2019.04.04"]
[Round "6.29"]
[White "Brygov, Igor"]
[Black "Kireev, Igor"]
[Result "0-1"]
[WhiteElo "2052"]
[BlackElo "1673"]
[PlyCount "70"]
[EventDate "2019.03.30"]

1. Nf3 d5 2. c4 e6 3. g3 Nf6 4. Bg2 c5 5. O-O Nc6 6. d3 Be7 7. Bg5 O-O 8. cxd5
exd5 9. Nc3 Be6 10. e4 d4 11. Ne2 Qb6 12. b3 Nb4 13. Nc1 h6 14. Bd2 a5 15. a4
Nd7 16. Bxb4 Qxb4 17. Na2 Qxb3 18. Qxb3 Bxb3 19. Rfb1 Bxa4 20. Rxb7 Rfb8 21.
Rxb8+ Rxb8 22. Nd2 Bc2 23. Nc1 a4 24. f4 Rb4 25. e5 Nb6 26. Kf1 c4 27. dxc4
Nxc4 28. Nxc4 Rxc4 29. Ke2 Rc3 30. Kd2 Rc4 31. Nd3 Bb3 32. Rc1 a3 33. Bd5 Rxc1
34. Bxb3 Rh1 35. Nc1 Bb4+ 0-1

[Event "Championship Moscow 2019"]
[Site "Moscow]
[Date "2019.04.04"]
[Round "6.30"]
[White "Zhuk, Kirill"]
[Black "Anisimov, Yuri"]
[Result "0-1"]
[WhiteElo "1894"]
[BlackElo "1919"]
[PlyCount "152"]
[EventDate "2019.03.30"]

1. e4 e6 2. d4 d5 3. Nc3 Nf6 4. Bg5 dxe4 5. Nxe4 Be7 6. Bxf6 gxf6 7. Nf3 b6 8.
Bb5+ c6 9. Bc4 Bb7 10. Qe2 Qc7 11. O-O-O Nd7 12. Rhe1 O-O-O 13. Kb1 Kb8 14. a3
Rhg8 15. g3 f5 16. Nc3 Bf6 17. Ne5 Nxe5 18. dxe5 Rxd1+ 19. Nxd1 Be7 20. f4 b5
21. Bd3 b4 22. axb4 Bxb4 23. c3 Be7 24. Ne3 c5 25. Ba6 Be4+ 26. Bd3 Bb7 27. Ba6
Be4+ 28. Bd3 Ba8 29. g4 fxg4 30. Bxh7 Rh8 31. Qxg4 Qc8 32. Qg7 Qf8 33. Rg1 Qxg7
34. Rxg7 Rxh7 35. Rg8+ Kb7 36. Nc4 a6 37. Re8 f5 38. Nd6+ Bxd6 39. exd6 Rd7 40.
Rxe6 Kc6 41. Rf6 Rxd6 42. Rxf5 Rh6 43. b4 cxb4 44. cxb4 Rxh2 45. Kc1 Kb6 46.
Re5 Rf2 47. f5 Bc6 48. Kb1 Bd7 49. Ka1 Bxf5 50. Rb5+ Ka7 51. Ra5 Bd7 52. Ra2
Rf4 53. Rc2 Kb6 54. Rb2 Kb5 55. Ka2 Be6+ 56. Kb1 Bc4 57. Kc2 Rf3 58. Kb1 Bb3
59. Ka1 Kxb4 60. Rh2 Ka3 61. Rb2 Rf1+ 62. Rb1 Rf2 63. Rg1 Ra2+ 64. Kb1 Bc2+ 65.
Kc1 Ra1+ 66. Kd2 Rxg1 67. Kc3 Rg4 68. Kd2 Kb4 69. Kc1 Rg3 70. Kb2 Be4 71. Ka1
Bb1 72. Kb2 Rg2+ 73. Kc1 Bc2 74. Kb2 Bb3+ 75. Kc1 Kc3 76. Kb1 Rg1# 0-1

[Event "Championship Moscow 2019"]
[Site "Moscow]
[Date "2019.04.04"]
[Round "6.31"]
[White "Israfilov, Ali"]
[Black "Razumovskiy, Mikhail"]
[Result "1-0"]
[WhiteElo "1792"]
[BlackElo "2024"]
[PlyCount "113"]
[EventDate "2019.03.30"]

1. e4 c5 2. Nf3 d6 3. d4 cxd4 4. Nxd4 Nf6 5. Nc3 Nc6 6. Bg5 e6 7. Bb5 Bd7 8.
Bxc6 bxc6 9. O-O Be7 10. Qe2 Qb6 11. Nb3 e5 12. Rad1 Bg4 13. Qc4 Bxd1 14. Rxd1
Rd8 15. Be3 Qc7 16. Nb5 Qd7 17. Nxa7 Ng4 18. Qxc6 Nxe3 19. fxe3 O-O 20. Qxd7
Rxd7 21. Nb5 Rc8 22. Nc3 g6 23. Rd2 f5 24. Nd5 Bd8 25. Nc1 Kf7 26. Ne2 Ke6 27.
b3 Ba5 28. c3 fxe4 29. Rd1 Rb7 30. c4 Bd8 31. Nec3 Ra8 32. Nb5 Rxa2 33. Ndc3
Ra6 34. Nxe4 Be7 35. h3 Rab6 36. Rd5 Rxb5 37. Rxb5 Rxb5 38. cxb5 Kd5 39. Nc3+
Kc5 40. Kf2 Bd8 41. Ke2 d5 42. Kd3 e4+ 43. Kd2 Ba5 44. Kc2 h6 45. b6 Kc6 46. b7
Kxb7 47. Nxd5 Kc6 48. Nf6 Bb6 49. Kd2 Ba5+ 50. Ke2 Kd6 51. Nxe4+ Ke5 52. Kd3
Bb6 53. b4 g5 54. Nc5 Kd6 55. Kd4 Ke7 56. Ke5 Kf7 57. e4 1-0

[Event "Championship Moscow 2019"]
[Site "Moscow]
[Date "2019.04.04"]
[Round "6.32"]
[White "Zurabian, Vage"]
[Black "Grigoryev, Vladislav"]
[Result "1-0"]
[WhiteElo "1842"]
[BlackElo "1741"]
[PlyCount "93"]
[EventDate "2019.03.30"]

1. e4 c5 2. Nf3 e6 3. g3 d5 4. exd5 exd5 5. d4 Nf6 6. Bg2 Be7 7. O-O O-O 8. c3
Nc6 9. Be3 c4 10. b3 cxb3 11. axb3 Bf5 12. Ne5 Be4 13. Nd2 Bxg2 14. Kxg2 Qc7
15. Nd3 Bd6 16. Bf4 Rfe8 17. f3 Bxf4 18. Nxf4 Re3 19. Rc1 g5 20. Nh3 h6 21. Qc2
Rc8 22. Qf5 Re2+ 23. Rf2 Qe7 24. Qxc8+ Kg7 25. Qf5 Qe3 26. Rc2 Ne7 27. Qe5 g4
28. fxg4 Qxe5 29. dxe5 Rxe5 30. Nf3 Re4 31. Rfe2 Nxg4 32. Rxe4 dxe4 33. Re2 f5
34. Nd4 Kf6 35. Nf2 Ne5 36. g4 Nd5 37. gxf5 Nf4+ 38. Kf1 Nxe2 39. Nxe4+ Ke7 40.
Kxe2 b6 41. h3 Kf7 42. Ke3 Kg7 43. Nf3 Nc6 44. Kf4 Na5 45. Nd4 Nb7 46. Ke5 Nd8
47. Ne6+ 1-0